Filow - ICKE Tracklist - Statistiken

Allgemein
  • Dieses Quiz wurde 135 mal gespielt
  • Das Durchschnittsergebnis liegt bei 5 aus 9
Antwortstatistiken
Songs % Korrekt
Rasenschach
97%
Tante Emma
70%
Turbo
69%
Atze seit Tag 1
68%
Ratzfatz
57%
Autokorso
47%
Lieber Gott
47%
Picaldi
45%
Potz Blitz
36%
Keine übereinstimmenden Quizze gefunden
Verteilung der Resultate
Anzahl Personen mit jedem Resultat
Perzentil nach korrekt beantworteten Fragen
Ihre Resultats-Entwicklung
Sie haben dieses Quiz noch nicht gespielt